Gone Indian

Uloženo v:
Podrobná bibliografie
Hlavní autor: Kroetsch, Robert
Médium: Kniha
Jazyk:Undetermined
Vydáno: Ontario, Canadá New Press 1981
Témata:
Tagy: Přidat tag
Žádné tagy, Buďte první, kdo vytvoří štítek k tomuto záznamu!

MARC

LEADER 00000nam a2200000Ia 4500
008 170316s9999 xx 000 0 und d
040 |a cru BVZT 
090 |a 818 K-8g 
100 |a Kroetsch, Robert 
245 |a Gone Indian 
260 |a Ontario, Canadá 
260 |b New Press 
260 |c 1981 
300 |a 158 páginas 
650 |a LITERATURA CANADIENSE 
942 |c 15 D 
999 |c 6494  |d 6494